Statistics for Vatican City Map Quiz

Click here to take the quiz!

General Stats

  • This quiz has been taken 213 times
    (210 since last reset)
  • The average score is 5 of 14

Answers on the Map

Answers color-coded by a green-red scale on the quiz's map according to % correct below.
 

Answer Stats

Answer% Correct
St Peter's Basilica
74%
Obelisk
54%
Sistine Chapel
46%
Colonnades
41%
Barracks of the Swiss Guard
39%
Vatican Museums
37%
Apostolic Palace
33%
Railwaystation
28%
Sacristy and treasury
25%
Casina Pio IV
24%
Radio Vatican
22%
Pinacotheca
19%
Saint Anne in the Vatican
19%
Mater Ecclesiae Convent
14%

Score Distribution

Percentile by Number Answered

Percent of People with Each Score

Your Score History

You have not taken this quiz since the last reset